[Event "3rd EUR-ch (w)"]
[Site "Varna BUL"]
[Date "2002.05.30"]
[Round "4.4"]
[White "Dworakowska, Joanna"]
[Black "Zimina, Olga"]
[Result "1/2-1/2"]
[WhiteElo "2445"]
[BlackElo "2360"]
[EventDate "2002.05.27"]
[PlyCount "96"]

1.e4 c6 2.d4 d5 3.Nc3 dxe4 4.Nxe4 Bf5 5.Ng3 Bg6 6.h4 h6 7.Nf3 e6 8.Ne5 Bh7
9.Bd3 Bxd3 10.Qxd3 Nd7 11.f4 Ngf6 12.Bd2 Bd6 13.O-O-O Qc7 14.Ne4 Nxe4 15.
Qxe4 Nf6 16.Qe2 O-O-O 17.Rh3 Kb8 18.c4 c5 19.Bc3 cxd4 20.Rxd4 Bc5 21.Rxd8+
Rxd8 22.Rd3 Kc8 23.Kc2 Bd6 24.b3 Ne8 25.Qe1 Qe7 26.g3 Bxe5 27.Rxd8+ Qxd8 
28.Qxe5 Qb6 29.Bd4 Qc6 30.Bxa7 Qg2+ 31.Kb1 Qxg3 32.Qb8+ Kd7 33.Qxb7+ Nc7 
34.Qe4 Qxh4 35.Bb6 Qh5 36.Qd4+ Kc6 37.b4 Qf5+ 38.Kc1 g5 39.b5+ Nxb5 40.
cxb5+ Qxb5 41.fxg5 hxg5 42.Ba7 Qf1+ 43.Kb2 Qe2+ 44.Kb3 Qf3+ 45.Kb4 Qf4 46.
Qxf4 gxf4 47.Bb8 f3 48.Bg3 Kd5 1/2-1/2

[Event "3rd EUR-ch (w)"]
[Site "Varna BUL"]
[Date "2002.05.30"]
[Round "4.5"]
[White "Prudnikova, Svetlana"]
[Black "Slavina, Irina"]
[Result "1/2-1/2"]
[WhiteElo "2422"]
[BlackElo "2370"]
[EventDate "2002.05.27"]
[PlyCount "50"]

1.c4 g6 2.d4 Nf6 3.Nc3 Bg7 4.e4 d6 5.Be2 O-O 6.Nf3 e5 7.O-O Nh5 8.g3 Bh3 
9.Re1 exd4 10.Nxd4 Nf6 11.Bg5 h6 12.Be3 Nbd7 13.f3 Re8 14.Qd2 h5 15.Nd1 
Ne5 16.Nf2 Bd7 17.Kg2 a6 18.h3 c5 19.Nc2 b5 20.cxb5 Bxb5 21.Red1 Bxe2 22.
Qxe2 Qb8 23.Na3 Nc6 24.Rac1 Nd7 25.b3 Nf6 1/2-1/2

[Event "3rd EUR-ch (w)"]
[Site "Varna BUL"]
[Date "2002.05.30"]
[Round "4.6"]
[White "Gaponenko, Inna"]
[Black "Aleksieva, Silvia"]
[Result "1/2-1/2"]
[WhiteElo "2418"]
[BlackElo "2334"]
[EventDate "2002.05.27"]
[PlyCount "77"]

1.e4 c5 2.Nf3 d6 3.d4 cxd4 4.Nxd4 Nf6 5.Nc3 a6 6.Be3 Ng4 7.Bc1 Nf6 8.Be3 
Ng4 9.Bg5 h6 10.Bh4 g5 11.Bg3 Bg7 12.Be2 h5 13.Bxg4 hxg4 14.O-O Nc6 15.Nf5
Bxc3 16.bxc3 Qa5 17.Ne3 Be6 18.c4 Ne5 19.Rb1 Rb8 20.Nd5 Qc5 21.Qd2 f6 22.
Rb4 Kf7 23.Bxe5 dxe5 24.Rfb1 Bxd5 25.Qxd5+ Qxd5 26.cxd5 Rhc8 27.c4 Rc7 28.
f3 Ke8 29.Kf2 Rbc8 30.Kg3 gxf3 31.gxf3 Rxc4 32.Rxb7 f5 33.exf5 Rf4 34.Rb8 
Rxb8 35.Rxb8+ Kf7 36.Rb7 Kf6 37.Rb6+ Kxf5 38.Rxa6 Rd4 39.Re6 1/2-1/2

[Event "3rd EUR-ch (w)"]
[Site "Varna BUL"]
[Date "2002.05.30"]
[Round "4.8"]
[White "Sedina, Elena"]
[Black "Jackova, Jana"]
[Result "1-0"]
[WhiteElo "2407"]
[BlackElo "2325"]
[EventDate "2002.05.27"]
[PlyCount "77"]

1.e4 e5 2.Nf3 Nc6 3.Nc3 Nf6 4.g3 d5 5.exd5 Nxd5 6.Bg2 Nxc3 7.bxc3 Bc5 8.
O-O O-O 9.Re1 Qf6 10.Rb1 Bg4 11.h3 Bh5 12.d3 Bb6 13.Qe2 h6 14.Bb2 Rfe8 15.
g4 Bg6 16.Nd2 Qh4 17.Nb3 f5 18.c4 fxg4 19.hxg4 Bd4 20.Bxd4 exd4 21.Qf3 
Rxe1+ 22.Rxe1 Rf8 23.Qg3 Qxg3 24.fxg3 Nb4 25.Nxd4 Rd8 26.Nf5 Nxc2 27.Re7 
Bf7 28.Rxc7 Rxd3 29.Rc8+ Kh7 30.Be4 Rd1+ 31.Kh2 Rd2+ 32.Kh3 Re2 33.Rc7 
Rxe4 34.Rxf7 Ne3 35.Rxg7+ Kh8 36.Rxb7 Nxg4 37.c5 Rc4 38.c6 Nf2+ 39.Kg2 1-0

[Event "3rd EUR-ch (w)"]
[Site "Varna BUL"]
[Date "2002.05.30"]
[Round "4.10"]
[White "Koskoska, Gabriela"]
[Black "Kosintseva, Tatiana"]
[Result "0-1"]
[WhiteElo "2229"]
[BlackElo "2373"]
[EventDate "2002.05.27"]
[PlyCount "134"]

1.e4 c5 2.Nc3 Nc6 3.f4 g6 4.Nf3 Bg7 5.Bb5 Nd4 6.O-O a6 7.Bd3 d6 8.Nxd4 
cxd4 9.Ne2 Nf6 10.Kh1 e5 11.c3 O-O 12.cxd4 exd4 13.b4 Re8 14.Bb2 Nxe4 15.
Bxe4 Rxe4 16.Ng3 Re8 17.f5 Qg5 18.fxg6 hxg6 19.Qf3 Bf5 20.Nxf5 Qxf5 21.
Qxb7 Qe6 22.Qf3 Rac8 23.Qf2 Qd5 24.d3 Re3 25.Rad1 Qxa2 26.Kg1 Qb3 27.Bc1 
Ree8 28.Bg5 f5 29.Qg3 Qd5 30.Bf4 Re6 31.Rc1 Rc3 32.Ra1 Qc6 33.Rae1 d5 34.
Rxe6 Qxe6 35.Re1 Qc6 36.h4 Kf7 37.h5 Bf8 38.Be5 gxh5 39.Qf4 Qe6 40.Qxd4 
Rc2 41.Bg3 Re2 42.Rxe2 Qxe2 43.Qxd5+ Kg6 44.Bf4 Qe1+ 45.Kh2 Qh4+ 46.Kg1 
Qxf4 47.Qe6+ Kg7 48.Qd7+ Kf6 49.Qd8+ Be7 50.Qh8+ Ke6 51.Qc8+ Kf7 52.Qxa6 
Qxb4 53.Qa2+ Kf6 54.Qa1+ Kg6 55.Qe5 Bc5+ 56.Kf1 Qb1+ 57.Ke2 Qc2+ 58.Ke1 
Bb4+ 59.Kf1 Qxd3+ 60.Kf2 Qe4 61.Qh8 Bc5+ 62.Kf1 Qd3+ 63.Ke1 Qe3+ 64.Kd1 
Qd4+ 65.Qxd4 Bxd4 66.Ke2 Kg5 67.Kf3 h4 0-1

[Event "3rd EUR-ch (w)"]
[Site "Varna BUL"]
[Date "2002.05.30"]
[Round "4.11"]
[White "Ciuksyte, Dagne"]
[Black "Galliamova, Alisa"]
[Result "0-1"]
[WhiteElo "2340"]
[BlackElo "2500"]
[EventDate "2002.05.27"]
[PlyCount "78"]

1.e4 c5 2.Nf3 d6 3.d4 cxd4 4.Nxd4 Nf6 5.Nc3 a6 6.h3 e6 7.g4 b5 8.Bg2 Bb7 
9.a3 h6 10.O-O g5 11.Be3 Nbd7 12.Nde2 Ne5 13.Bd4 h5 14.f4 gxf4 15.g5 Nh7 
16.g6 fxg6 17.Nxf4 Ng5 18.h4 Ngf7 19.Nxe6 Qe7 20.Nf4 Qxh4 21.Ncd5 Bxd5 22.
Nxd5 Bg7 23.Nc7+ Ke7 24.Bf2 Qg4 25.Qxg4 hxg4 26.Nxa8 Rxa8 27.Bh4+ Ke6 28.
Rf2 Rh8 29.Bg3 Ng5 30.c3 Nef3+ 31.Bxf3 gxf3 32.Rd1 Be5 33.Bxe5 dxe5 34.
Rfd2 Nxe4 35.Rd7 g5 36.Rg7 Kf5 37.Rf7+ Kg4 38.Rd5 Kg3 39.Rxe5 Rd8 0-1

[Event "3rd EUR-ch (w)"]
[Site "Varna BUL"]
[Date "2002.05.30"]
[Round "4.12"]
[White "Peptan, Corina-Isabela"]
[Black "Kosintseva, Nadezhda"]
[Result "1/2-1/2"]
[WhiteElo "2480"]
[BlackElo "2336"]
[EventDate "2002.05.27"]
[PlyCount "120"]

1.e4 c5 2.Nf3 d6 3.c3 Nf6 4.Be2 Nbd7 5.d3 b6 6.O-O Bb7 7.Nbd2 g6 8.Re1 Bg7
9.Bf1 O-O 10.d4 e6 11.Bd3 Qc7 12.Rb1 a5 13.b3 Bc6 14.c4 cxd4 15.Nxd4 Nc5 
16.Bc2 e5 17.N4f3 Qb7 18.Qe2 b5 19.cxb5 Bxb5 20.Nc4 Qa6 21.Nfd2 d5 22.exd5
Nxd5 23.Bb2 Nb4 24.a4 Bxa4 25.Qd1 Nxc2 26.Qxc2 Nxb3 27.Nxb3 Rfc8 28.Rec1 
Rab8 29.Ba3 Qb5 30.Nbd2 Bxc2 31.Rxb5 Rxb5 32.Rxc2 f5 33.Kf1 e4 34.Ke2 a4 
35.Ra2 Ra8 36.Rc2 Rc8 37.Ra2 Ra8 38.Bd6 Kf7 39.Bf4 Ke6 40.Be3 Ra6 41.Na3 
Rb2 42.Rxb2 Bxb2 43.Ndc4 Bxa3 44.Nxa3 Kd5 45.Kd2 Rc6 46.g3 Ke6 47.Nb5 Rc4 
48.Na3 Rb4 49.Nc2 Rc4 50.Bh6 Rc8 51.Be3 Kd5 52.Na3 Rc6 53.h4 h5 54.Bh6 Rb6
55.Kc2 Rc6+ 56.Kd2 Rb6 57.Kc2 Rc6+ 58.Kd2 Rb6 59.Kc2 Rc6+ 60.Kd2 Rb6 
1/2-1/2

[Event "3rd EUR-ch (w)"]
[Site "Varna BUL"]
[Date "2002.05.30"]
[Round "4.13"]
[White "Nepeina-Leconte, Maria"]
[Black "Kachiani-Gersinska, Ketino"]
[Result "1-0"]
[WhiteElo "2308"]
[BlackElo "2465"]
[EventDate "2002.05.27"]
[PlyCount "111"]

1.e4 c6 2.d4 d5 3.exd5 cxd5 4.Bd3 Nc6 5.c3 g6 6.Bf4 Nh6 7.Nf3 Bg7 8.O-O 
O-O 9.Re1 a6 10.a4 Nf5 11.Nbd2 Nd6 12.Ne5 f6 13.Nxc6 bxc6 14.h3 Nf7 15.Nf3
Re8 16.Be3 e5 17.dxe5 fxe5 18.Bf1 a5 19.Bc5 Nd6 20.b4 Bf5 21.bxa5 Rxa5 22.
Bb4 Ra8 23.a5 Ne4 24.a6 c5 25.Ba5 Qd6 26.g4 Nf6 27.gxf5 gxf5 28.Nh4 Qe6 
29.Qf3 f4 30.Rab1 Nd7 31.Bb5 Ra7 32.Qg4 e4 33.Bxd7 Qxd7 34.Qxd7 Rxd7 35.
Rb7 Rxb7 36.axb7 Rb8 37.Rb1 Be5 38.Nf5 Kf7 39.Rb6 Bc7 40.Rc6 Bxa5 41.Rc8 
Bc7 42.Rxc7+ Ke6 43.Ng7+ Kd6 44.Ne8+ Ke6 45.Kf1 f3 46.Ke1 d4 47.cxd4 cxd4 
48.Ng7+ Kd6 49.Rf7 Kc6 50.Nf5 Kd5 51.Rxh7 Kc4 52.Rc7+ Kd3 53.Rd7 Rg8 54.
Rxd4+ Kc3 55.Kf1 Rf8 56.Rxe4 1-0

[Event "3rd EUR-ch (w)"]
[Site "Varna BUL"]
[Date "2002.05.30"]
[Round "4.14"]
[White "Lallemand, Roza"]
[Black "Foisor, Cristina"]
[Result "1-0"]
[WhiteElo "2300"]
[BlackElo "2437"]
[EventDate "2002.05.27"]
[PlyCount "120"]

1.e4 d6 2.d4 g6 3.Nc3 c6 4.f4 Bg7 5.Nf3 Qb6 6.Bc4 Nh6 7.O-O Bg4 8.Ne2 O-O 
9.Kh1 e6 10.h3 Bxf3 11.Rxf3 d5 12.exd5 exd5 13.Bd3 f5 14.c3 Nd7 15.b4 Nf6 
16.Rb1 a6 17.a4 Nf7 18.b5 axb5 19.axb5 Qc7 20.Qb3 cxb5 21.Qxb5 Nd6 22.Qb3 
Rf7 23.Ba3 Nc4 24.Bxc4 dxc4 25.Qb2 Nd5 26.Bc5 Bh6 27.Qb5 Qc6 28.Qxc6 bxc6 
29.Bd6 Rd7 30.Be5 Rda7 31.g4 Ra2 32.Ng3 Rc2 33.gxf5 Nxc3 34.Re1 Raa2 35.
fxg6 hxg6 36.f5 Rh2+ 37.Kg1 Rhg2+ 38.Kh1 Nd5 39.fxg6 Bg7 40.Bxg7 Rh2+ 41.
Kg1 Kxg7 42.Re6 Rag2+ 43.Kf1 Rxg3 44.Rxg3 c3 45.Rxc6 c2 46.Kg1 Rd2 47.Kh1 
Rd1+ 48.Rg1 Rxd4 49.Rxc2 Rd3 50.Kh2 Re3 51.Rf2 Ne7 52.Rf7+ Kg8 53.Rf6 Kg7 
54.Ra6 Re2+ 55.Rg2 Re5 56.h4 Re4 57.Kh3 Kh6 58.g7+ Kh7 59.h5 Re3+ 60.Kh2 
Rd3 1-0

[Event "3rd EUR-ch (w)"]
[Site "Varna BUL"]
[Date "2002.05.30"]
[Round "4.15"]
[White "Matveeva, Svetlana"]
[Black "Djingarova, Emilia"]
[Result "1-0"]
[WhiteElo "2437"]
[BlackElo "2315"]
[EventDate "2002.05.27"]
[PlyCount "100"]

1.d4 Nf6 2.c4 g6 3.Nf3 Bg7 4.g3 O-O 5.Bg2 d6 6.Nc3 c6 7.O-O Qa5 8.h3 Be6 
9.d5 cxd5 10.Nd4 Bd7 11.cxd5 Na6 12.Nb3 Qd8 13.Be3 h5 14.Qd2 Bf5 15.Bd4 
Qc8 16.Kh2 Nc5 17.Bxc5 dxc5 18.e4 Bd7 19.e5 Nh7 20.Qe3 Bf5 21.Rfe1 c4 22.
Nd4 Bd3 23.f4 Qc5 24.Nc6 Qxe3 25.Nxe7+ Kh8 26.Rxe3 Rfd8 27.d6 Rab8 28.h4 
Nf8 29.Be4 f6 30.Bxd3 cxd3 31.Rd1 fxe5 32.fxe5 d2 33.Ncd5 Kh7 34.Rxd2 Nd7 
35.e6 Ne5 36.Rxe5 Bxe5 37.d7 Kg7 38.Re2 Bd6 39.Kg2 Rf8 40.b4 Rfd8 41.b5 
Rf8 42.a4 Rfd8 43.a5 Rf8 44.a6 bxa6 45.Nc6 Rxb5 46.e7 Bxe7 47.Rxe7+ Kh6 
48.Nf6 Rb2+ 49.Kh3 g5 50.hxg5+ Kxg5 1-0

[Event "3rd EUR-ch (w)"]
[Site "Varna BUL"]
[Date "2002.05.30"]
[Round "4.17"]
[White "Muzychuk, Anna"]
[Black "Zhukova, Natalia"]
[Result "0-1"]
[WhiteElo "2256"]
[BlackElo "2425"]
[EventDate "2002.05.27"]
[PlyCount "70"]

1.e4 e6 2.d4 d5 3.Nc3 Nf6 4.Bg5 Bb4 5.e5 h6 6.Bd2 Bxc3 7.bxc3 Ne4 8.Qg4 g6
9.Bd3 Nxd2 10.Kxd2 c5 11.h4 Nc6 12.Qf4 cxd4 13.cxd4 Qa5+ 14.c3 b5 15.Ne2 
b4 16.Rhc1 Ba6 17.Qe3 bxc3+ 18.Nxc3 Bxd3 19.Qxd3 Rb8 20.Ke3 O-O 21.Rab1 
Rfc8 22.Rb5 Rxb5 23.Nxb5 Kg7 24.Qb1 Qb6 25.Rc5 Nxd4 26.Rxc8 Nxb5+ 27.Kd2 
Qxf2+ 28.Kc1 Qe3+ 29.Kb2 Qxe5+ 30.Kc1 Qe3+ 31.Kb2 Nd6 32.Qc2 Nxc8 33.Qxc8 
d4 34.Qb8 Qc3+ 35.Kb1 d3 0-1

[Event "3rd EUR-ch (w)"]
[Site "Varna BUL"]
[Date "2002.05.30"]
[Round "4.18"]
[White "Bogza, Adina"]
[Black "Hunt, Harriet"]
[Result "0-1"]
[WhiteElo "2251"]
[BlackElo "2415"]
[EventDate "2002.05.27"]
[PlyCount "114"]

1.Nf3 Nf6 2.g3 d5 3.Bg2 c6 4.b3 Bg4 5.c4 e6 6.Bb2 Nbd7 7.O-O Bd6 8.d3 O-O 
9.Nbd2 Qe7 10.a3 a5 11.Qc2 Rfd8 12.h3 Bxf3 13.Nxf3 e5 14.e4 dxe4 15.dxe4 
Nf8 16.Rfd1 Ng6 17.Ne1 Bc5 18.a4 h5 19.Nd3 Bd4 20.Ba3 c5 21.Ra2 h4 22.Kh2 
b6 23.Bc1 Nf8 24.gxh4 N6h7 25.h5 Qh4 26.Qe2 Nf6 27.Bf3 Ne6 28.Bg4 Ng5 29.
Bxg5 Qxg5 30.Rg1 Qh6 31.Bf3 Kf8 32.Rd2 Ke7 33.Rdd1 Rh8 34.Rg3 Rag8 35.Rdg1
Kf8 36.Rg5 g6 37.Qf1 gxh5 38.Qc1 Ng4+ 39.R5xg4 hxg4 40.Qxh6+ Rxh6 41.Bxg4 
Ke7 42.Rg3 Rd8 43.Kg2 Rhd6 44.Kf1 Be3 45.Be2 Bh6 46.Rf3 f6 47.Rg3 Rd4 48.
Rg6 Bd2 49.Rg3 Rxe4 50.Bg4 Red4 51.Ke2 e4 52.Ne1 Bxe1 53.Kxe1 Rd3 54.Be2 
Rxg3 55.fxg3 f5 56.h4 Kf6 57.Kf2 Ke5 0-1

[Event "3rd EUR-ch (w)"]
[Site "Varna BUL"]
[Date "2002.05.30"]
[Round "4.19"]
[White "Grabuzova, Tatiana"]
[Black "Sikorova, Olga"]
[Result "1-0"]
[WhiteElo "2388"]
[BlackElo "2298"]
[EventDate "2002.05.27"]
[PlyCount "67"]

1.d4 c5 2.d5 Nf6 3.c4 e6 4.Nc3 exd5 5.cxd5 d6 6.e4 g6 7.f4 Bg7 8.Bb5+ Nfd7
9.Be2 O-O 10.Nf3 Na6 11.O-O Nc7 12.Nd2 Nf6 13.a4 a6 14.Bf3 Rb8 15.Nc4 b5 
16.Na5 Bd7 17.e5 Nfe8 18.Ne4 Nxd5 19.Nxc5 Qb6 20.Qxd5 Be6 21.Qc6 Qxa5 22.
Nxe6 fxe6 23.Be3 dxe5 24.Ba7 Qc7 25.Bxb8 Qxb8 26.axb5 e4 27.Qxe4 Qxb5 28.
Qxe6+ Kh8 29.Qxa6 Qxb2 30.Rae1 Nc7 31.Qc6 Qd4+ 32.Kh1 Qxf4 33.g3 Rf6 34.
gxf4 1-0

[Event "3rd EUR-ch (w)"]
[Site "Varna BUL"]
[Date "2002.05.30"]
[Round "4.20"]
[White "Calotescu, Ana-Cristina"]
[Black "Ovod, Evgenia"]
[Result "1/2-1/2"]
[WhiteElo "2299"]
[BlackElo "2379"]
[EventDate "2002.05.27"]
[PlyCount "89"]

1.Nf3 c5 2.c4 Nf6 3.g3 b6 4.Bg2 Bb7 5.O-O e6 6.d4 cxd4 7.Qxd4 Be7 8.Nc3 d6
9.Rd1 a6 10.b3 Nbd7 11.e4 Qc7 12.Ba3 Nc5 13.e5 dxe5 14.Qxe5 Qxe5 15.Nxe5 
Bxg2 16.Kxg2 Nfd7 17.Nf3 Ne4 18.Bb2 Nxc3 19.Bxc3 Rg8 20.h4 b5 21.cxb5 axb5
22.a4 bxa4 23.Rxa4 Rxa4 24.bxa4 Bc5 25.Ng5 Nb6 26.Rb1 Kd7 27.Nxf7 Nxa4 28.
Ne5+ Kc7 29.Ba5+ Kd6 30.f4 Ra8 31.Rd1+ Ke7 32.Rd7+ Kf8 33.Bc7 Kg8 34.h5 
Bf8 35.Bd6 Nb6 36.Rb7 Bxd6 37.Rxb6 Bxe5 38.fxe5 Ra5 39.h6 Rxe5 40.Rb8+ Kf7
41.Rb7+ Kf6 42.Rxg7 Rh5 43.Rxh7 Kg6 44.Rh8 Rxh6 45.Rxh6+ 1/2-1/2

[Event "3rd EUR-ch (w)"]
[Site "Varna BUL"]
[Date "2002.05.30"]
[Round "4.21"]
[White "Lomineishvili, Maia"]
[Black "Krupkova, Petra"]
[Result "1-0"]
[WhiteElo "2370"]
[BlackElo "2293"]
[EventDate "2002.05.27"]
[PlyCount "77"]

1.d4 Nf6 2.c4 g6 3.g3 Bg7 4.Bg2 d5 5.cxd5 Nxd5 6.Nf3 O-O 7.O-O Nb6 8.Nc3 
Nc6 9.d5 Na5 10.Qc2 Nxd5 11.Rd1 c6 12.Ne1 Bd7 13.Nxd5 cxd5 14.Rxd5 e6 15.
Rd3 Rc8 16.Qd1 Rc7 17.Bf4 e5 18.Rc1 exf4 19.Rxc7 Qxc7 20.Rxd7 Qb6 21.b3 
fxg3 22.hxg3 Nc6 23.Qd5 Qa6 24.Qd2 Nd4 25.Rxd4 Bxd4 26.Qxd4 Qxe2 27.Nf3 
Qxa2 28.Ne5 Qxb3 29.Ng4 Qb1+ 30.Kh2 h5 31.Nf6+ Kh8 32.Ne8+ f6 33.Qd7 Rxe8 
34.Qxe8+ Kg7 35.Qe7+ Kh6 36.Qxf6 a5 37.Qh8+ Kg5 38.f4+ Kf5 39.Qe5+ 1-0

[Event "3rd EUR-ch (w)"]
[Site "Varna BUL"]
[Date "2002.05.30"]
[Round "4.22"]
[White "Shumiakina, Tatiana"]
[Black "Schuurman, Petra"]
[Result "0-1"]
[WhiteElo "2366"]
[BlackElo "2283"]
[EventDate "2002.05.27"]
[PlyCount "74"]

1.d4 Nf6 2.c4 c5 3.d5 b5 4.cxb5 a6 5.b6 Bb7 6.Nc3 e6 7.e4 exd5 8.exd5 d6 
9.a4 a5 10.Bb5+ Nbd7 11.Nge2 Be7 12.O-O O-O 13.Re1 Nxb6 14.Nf4 Ne8 15.Ra3 
Nc7 16.Bc6 Rb8 17.Rb3 Ba6 18.Nb5 Bxb5 19.axb5 Bf6 20.Nh5 Bd4 21.Be3 Be5 
22.Bxc5 Bxh2+ 23.Kxh2 dxc5 24.Rg3 g6 25.Qd2 Qh4+ 26.Rh3 Qd4 27.Qh6 Ne8 28.
Re4 Qxb2 29.Rf3 gxh5 30.Bxe8 Rbxe8 31.Rxf7 Kxf7 32.Qxh7+ Kf6 33.Qh6+ Kf7 
34.Rf4+ Kg8 35.Rxf8+ Rxf8 36.Qe6+ Rf7 37.Qg6+ Qg7 0-1

[Event "3rd EUR-ch (w)"]
[Site "Varna BUL"]
[Date "2002.05.30"]
[Round "4.23"]
[White "Zayats, Elena"]
[Black "Sarakauskiene, Zivile"]
[Result "0-1"]
[WhiteElo "2346"]
[BlackElo "2105"]
[EventDate "2002.05.27"]
[PlyCount "100"]

1.d4 Nf6 2.c4 e6 3.Nc3 Bb4 4.e3 O-O 5.Bd3 d5 6.a3 dxc4 7.Bxc4 Bd6 8.Nf3 
Nbd7 9.Be2 c6 10.Qc2 e5 11.b3 Qe7 12.Bb2 Re8 13.dxe5 Nxe5 14.h3 Nxf3+ 15.
Bxf3 Be6 16.Ne2 Bd5 17.Nd4 Be4 18.Bxe4 Qxe4 19.Qxe4 Nxe4 20.Ra2 Rad8 21.
O-O c5 22.Nf3 Be7 23.Ba1 a6 24.Rc2 Rd3 25.Rb1 Red8 26.Rcc1 f6 27.g3 Kf7 
28.Kg2 g6 29.Kf1 h5 30.a4 g5 31.g4 hxg4 32.hxg4 Ke6 33.Ke2 R3d7 34.Rc2 f5 
35.Rc4 b5 36.axb5 axb5 37.gxf5+ Kxf5 38.Rc2 g4 39.Nd4+ cxd4 40.Bxd4 Bf6 
41.f3 gxf3+ 42.Kxf3 Bxd4 43.exd4 Rxd4 44.Ke2 Ng3+ 45.Kf2 Kf4 46.Rbb2 Ne4+ 
47.Ke2 Rh8 48.Ke1 Rh1+ 49.Ke2 Ng3+ 50.Kf2 Rdd1 0-1

[Event "3rd EUR-ch (w)"]
[Site "Varna BUL"]
[Date "2002.05.30"]
[Round "4.24"]
[White "Maric, Alisa"]
[Black "Ozturk, Kubra"]
[Result "1-0"]
[WhiteElo "2455"]
[BlackElo "2017"]
[EventDate "2002.05.27"]
[PlyCount "107"]

1.d4 d5 2.c4 c6 3.Nf3 Nf6 4.Nc3 g6 5.e3 Bg7 6.Be2 b6 7.O-O O-O 8.b3 Bb7 9.
Bb2 Na6 10.Rc1 Nc7 11.Qc2 Ne6 12.Rfd1 Rc8 13.e4 Bh6 14.Rb1 Qc7 15.Bc1 Bg7 
16.e5 Nd7 17.Be3 f5 18.Ng5 Nxg5 19.Bxg5 Rfe8 20.Qd2 Nf8 21.Rbc1 Qd7 22.Be3
Ne6 23.f4 Red8 24.Bf3 Nf8 25.Qc2 e6 26.Qb2 Qe7 27.Be2 Ba6 28.cxd5 Bxe2 29.
d6 Qb7 30.Qxe2 b5 31.a4 b4 32.Na2 a5 33.Rc5 Ra8 34.Rdc1 Rdc8 35.Qc2 Ra6 
36.d5 exd5 37.Rxd5 Qf7 38.Rd3 Ne6 39.Qc4 Raa8 40.d7 Rc7 41.Rcd1 Nd8 42.Nc1
Bf8 43.e6 Qe7 44.Bb6 Rb7 45.Bxd8 Qc5+ 46.Kf1 Qxc4 47.bxc4 Rxd8 48.Nb3 Ra7 
49.Re1 Be7 50.Re5 Rda8 51.Rxa5 Rxa5 52.Nxa5 b3 53.Nxc6 Kf8 54.Rxb3 1-0

[Event "3rd EUR-ch (w)"]
[Site "Varna BUL"]
[Date "2002.05.30"]
[Round "4.25"]
[White "Agrest, Svetlana"]
[Black "Vasylevich, Tatiana"]
[Result "0-1"]
[WhiteElo "2225"]
[BlackElo "2421"]
[EventDate "2002.05.27"]
[PlyCount "54"]

1.e4 c5 2.Nc3 e6 3.g3 d5 4.exd5 exd5 5.Bg2 Nf6 6.Nge2 d4 7.Ne4 Nxe4 8.Bxe4
Nd7 9.O-O Nf6 10.Bg2 Be7 11.d3 O-O 12.Nf4 Bg4 13.Qd2 Rb8 14.h3 Bd7 15.Re1 
Re8 16.Qd1 Bd6 17.Bd2 Qb6 18.b3 g6 19.Kh2 Bc6 20.Rxe8+ Rxe8 21.Bf3 Qc7 22.
Qh1 g5 23.Bxc6 bxc6 24.Ng2 Re2 25.Qd1 Rxf2 26.Bxg5 Bxg3+ 27.Kh1 Qd7 0-1

[Event "3rd EUR-ch (w)"]
[Site "Varna BUL"]
[Date "2002.05.30"]
[Round "4.26"]
[White "Pahtz, Elisabeth"]
[Black "Kadziolka, Beata"]
[Result "1/2-1/2"]
[WhiteElo "2385"]
[BlackElo "2235"]
[EventDate "2002.05.27"]
[PlyCount "48"]

1.e4 c5 2.Nf3 d6 3.d4 cxd4 4.Nxd4 Nf6 5.Nc3 a6 6.Bg5 e6 7.f4 Nc6 8.e5 h6 
9.Nxc6 bxc6 10.Bh4 g5 11.fxg5 Nd5 12.Ne4 Qb6 13.Bd3 hxg5 14.Bg3 Qxb2 15.
Rb1 Qd4 16.Qd2 Qe3+ 17.Qxe3 Nxe3 18.exd6 Nxg2+ 19.Kd2 Nf4 20.Nf6+ Kd8 21.
d7 Bxd7 22.Rb7 Be8 23.Be4 Bg7 24.Nxe8 Kxe8 1/2-1/2

[Event "3rd EUR-ch (w)"]
[Site "Varna BUL"]
[Date "2002.05.30"]
[Round "4.27"]
[White "Kharashkina, Bairta"]
[Black "Repkova, Eva"]
[Result "0-1"]
[WhiteElo "2193"]
[BlackElo "2345"]
[EventDate "2002.05.27"]
[PlyCount "86"]

1.e4 d5 2.exd5 Qxd5 3.d4 Nc6 4.Nf3 Bg4 5.Be2 O-O-O 6.c3 e5 7.h3 Bh5 8.dxe5
Qe4 9.Nbd2 Bxf3 10.Nxe4 Rxd1+ 11.Bxd1 Bxe4 12.O-O Bc5 13.Re1 Bf5 14.g4 Be6
15.Kg2 Nge7 16.f4 g6 17.Bf3 Rd8 18.Be4 h5 19.Kf3 a5 20.Bc2 hxg4+ 21.hxg4 
Rh8 22.Kg3 Bf2+ 23.Kxf2 Rh2+ 24.Kg3 Rxc2 25.Rh1 b6 26.Rd1 a4 27.Rd3 g5 28.
f5 Bxf5 29.gxf5 Nxf5+ 30.Kh3 g4+ 31.Kxg4 Nxe5+ 32.Kxf5 Nxd3 33.Be3 Nxb2 
34.Kf6 Nc4 35.Bd4 Nd6 36.Ke5 Nb5 37.Rf1 Nxc3 38.Bxc3 Rxc3 39.Rf2 Rc5+ 40.
Kf6 Kb7 41.Kxf7 Re5 42.Kf6 Re8 43.Rc2 b5 0-1

[Event "3rd EUR-ch (w)"]
[Site "Varna BUL"]
[Date "2002.05.30"]
[Round "4.29"]
[White "Galoian, Lilit"]
[Black "Bosboom-Lanchava, Tea"]
[Result "1/2-1/2"]
[WhiteElo "2163"]
[BlackElo "2330"]
[EventDate "2002.05.27"]
[PlyCount "112"]

1.d4 g6 2.c4 Bg7 3.e4 d6 4.Nc3 Nd7 5.Be3 e5 6.d5 Nh6 7.f3 f6 8.Qd2 Nf7 9.
Bd3 O-O 10.Nge2 Nc5 11.Bc2 f5 12.b4 Na6 13.a3 c5 14.b5 Nb8 15.Bd3 f4 16.
Bf2 g5 17.g4 fxg3 18.hxg3 Qf6 19.Qe3 g4 20.f4 Bh6 21.Bc2 Nd7 22.Qd3 Bg7 
23.f5 Ng5 24.Ng1 Nb6 25.Bd1 Bxf5 26.Ra2 Bd7 27.a4 a6 28.Be3 axb5 29.cxb5 
Qg6 30.a5 Nc8 31.Be2 Ne7 32.b6 Nf3+ 33.Kd1 Nd4 34.a6 c4 35.Qxc4 Rac8 36.
Qb4 Rxc3 37.Qxc3 Qxe4 38.Bd3 Qxh1 39.axb7 Nxd5 40.Bc4 Kh8 41.Bxd5 Qxd5 42.
Ra8 Rxa8 43.bxa8=Q+ Qxa8 44.Qc7 Qa1+ 45.Kd2 Qb2+ 46.Ke1 Qb1+ 47.Kd2 Qb2+ 
48.Kd1 Ba4+ 49.Ke1 Qb1+ 50.Kf2 Qf5+ 51.Ke1 Bf8 52.Bxd4 exd4 53.b7 Qe4+ 54.
Kf2 Qf5+ 55.Ke1 Qe4+ 56.Kf2 Qf5+ 1/2-1/2

[Event "3rd EUR-ch (w)"]
[Site "Varna BUL"]
[Date "2002.05.30"]
[Round "4.30"]
[White "Gunther, Anetta"]
[Black "Velcheva, Maria"]
[Result "0-1"]
[WhiteElo "2116"]
[BlackElo "2327"]
[EventDate "2002.05.27"]
[PlyCount "44"]

1.e4 e5 2.Nf3 Nc6 3.Bb5 f5 4.d4 fxe4 5.Nxe5 Nxe5 6.dxe5 c6 7.Bc4 Qa5+ 8.
Bd2 Qxe5 9.Bc3 Qg5 10.Rg1 d5 11.Bb3 Nf6 12.Qe2 Qc1+ 13.Qd1 Qxd1+ 14.Kxd1 
Bc5 15.Rf1 Ng4 16.Ke1 O-O 17.h3 Nxf2 18.Be5 b6 19.Nc3 Ba6 20.Ne2 Rae8 21.
Bg3 Nd3+ 22.cxd3 exd3 0-1

[Event "3rd EUR-ch (w)"]
[Site "Varna BUL"]
[Date "2002.05.30"]
[Round "4.31"]
[White "Cavusoglu, Yildiz"]
[Black "Velikhanli, Firuza"]
[Result "0-1"]
[WhiteElo "2036"]
[BlackElo "2320"]
[EventDate "2002.05.27"]
[PlyCount "70"]

1.d4 d6 2.Nf3 Bg4 3.e3 Nf6 4.Be2 Nbd7 5.O-O e5 6.c4 Be7 7.Nc3 O-O 8.Qc2 c6
9.b3 Re8 10.Bb2 Bf8 11.Rfd1 e4 12.Ne1 Bxe2 13.Qxe2 d5 14.Rac1 Bd6 15.Rc2 
Qe7 16.Rdc1 Qe6 17.cxd5 Nxd5 18.Nxd5 Qxd5 19.g3 Nf6 20.Ng2 Qf5 21.Nh4 Qe6 
22.Qc4 Nd5 23.a3 a5 24.Qe2 Qh3 25.Qf1 Qg4 26.Qe2 Qg5 27.Ng2 Re6 28.Re1 Qe7
29.Rcc1 Rh6 30.h4 Nf6 31.Ra1 Qe6 32.b4 Qh3 33.Nf4 Bxf4 34.exf4 Ng4 35.Qc2 
e3 0-1

[Event "3rd EUR-ch (w)"]
[Site "Varna BUL"]
[Date "2002.05.30"]
[Round "4.32"]
[White "Movsisian, Naira"]
[Black "Voiska, Margarita"]
[Result "1-0"]
[WhiteElo "2078"]
[BlackElo "2300"]
[EventDate "2002.05.27"]
[PlyCount "51"]

1.e4 c6 2.d4 Na6 3.c3 Nc7 4.Bd3 d6 5.f4 g6 6.Nf3 Bg7 7.O-O Nh6 8.h3 f5 9.
e5 O-O 10.c4 Nf7 11.Be3 c5 12.exd6 exd6 13.Qd2 d5 14.dxc5 d4 15.Bf2 Ne6 
16.Na3 Qc7 17.Nb5 Qxc5 18.b4 Qe7 19.Rae1 Qd8 20.c5 a6 21.Na3 Bh6 22.g3 Qd5
23.Qe2 Re8 24.Nxd4 Nc7 25.Qf3 Be6 26.Rxe6 1-0

[Event "3rd EUR-ch (w)"]
[Site "Varna BUL"]
[Date "2002.05.30"]
[Round "4.33"]
[White "Andreeva, Natalia"]
[Black "Ionica, Iulia-Ionela"]
[Result "1-0"]
[WhiteElo "2289"]
[BlackElo "2228"]
[EventDate "2002.05.27"]
[PlyCount "65"]

1.Nf3 g6 2.c4 Bg7 3.d4 d6 4.g3 Nf6 5.Bg2 O-O 6.Nc3 Nc6 7.d5 Na5 8.Nd2 c5 
9.O-O a6 10.Qc2 Rb8 11.b3 b5 12.Bb2 e5 13.dxe6 Bxe6 14.cxb5 axb5 15.Nce4 
Ne8 16.Bxg7 Nxg7 17.Nf3 Bf5 18.Nh4 Be6 19.Rfd1 Nb7 20.Nc3 b4 21.Nd5 f5 22.
Nf3 h6 23.Nd2 Ne8 24.Nc4 Bxd5 25.Bxd5+ Kg7 26.e4 fxe4 27.Bxe4 Rf6 28.Ne5 
Qc7 29.Nxg6 Nd8 30.Nf4 Ne6 31.Nh5+ Kf7 32.Nxf6 Nxf6 33.Bd5 1-0

[Event "3rd EUR-ch (w)"]
[Site "Varna BUL"]
[Date "2002.05.30"]
[Round "4.34"]
[White "Krivec, Jana"]
[Black "Smochina, Carolina"]
[Result "1-0"]
[WhiteElo "2271"]
[BlackElo "2143"]
[EventDate "2002.05.27"]
[PlyCount "115"]

1.e4 c5 2.Nf3 Nc6 3.d4 cxd4 4.Nxd4 e5 5.Nb5 d6 6.N1c3 a6 7.Na3 b5 8.Nd5 
Nce7 9.Bg5 f6 10.Be3 Nxd5 11.Qxd5 Rb8 12.Rd1 Bb7 13.Qd3 Ne7 14.c4 bxc4 15.
Nxc4 d5 16.Qa3 Nc6 17.Bc5 Nd4 18.Ne3 Bxc5 19.Qxc5 Qe7 20.Qxe7+ Kxe7 21.
exd5 Rhc8 22.Bd3 g6 23.O-O Rc5 24.b3 Bxd5 25.Bxa6 Be6 26.Bc4 Ra8 27.Rfe1 
Bxc4 28.Nxc4 Nc2 29.Re2 Rxa2 30.f4 Nb4 31.Rxa2 Nxa2 32.fxe5 fxe5 33.Ra1 
Nc3 34.Ra7+ Kf6 35.Rxh7 Rb5 36.Nd2 Rd5 37.Nc4 Ne4 38.Kf1 Nc5 39.Rh3 e4 40.
Ke2 Ne6 41.Re3 Nd4+ 42.Kf2 Kf5 43.Rc3 Kf4 44.g3+ Kg5 45.h4+ Kf6 46.Ne3 Rb5
47.Rc4 Nxb3 48.Rxe4 Nc5 49.Ng4+ Kf7 50.Re3 Rb2+ 51.Kf3 Ne6 52.Ne5+ Kf6 53.
Nd7+ Kf7 54.Ne5+ Kf6 55.g4 Rh2 56.Kg3 Ra2 57.Nxg6 Nd4 58.Nf4 1-0